[Event "CRI-ch qual"]
[Site "San Jose"]
[Date "2005.06.22"]
[Round "8"]
[White "Minero, Boris P"]
[Black "Trejos Perez, Jose Enrique"]
[Result "1-0"]
[WhiteElo "2053"]
[BlackElo "2203"]
[PlyCount "69"]
[EventDate "2005.06.??"]
[EventType "swiss"]
[EventRounds "9"]
[EventCountry "CRI"]
[SourceTitle "EXT 2006"]
[Source "ChessBase"]
[SourceDate "2005.11.24"]
[SourceVersion "1"]
[SourceVersionDate "2005.11.24"]
[SourceQuality "1"]

1. Nf3 c5 2. c4 Nc6 3. g3 g6 4. Bg2 Bg7 5. 0-0 Nf6 6. d4 cxd4 7. Nxd4 0-0 8. Nc3 a6 9. Bg5 h6 10. Nxc6 bxc6 11. Bf4 a5 12. Qd2 Kh7 13. Rad1 Qe8 14. Nb5 Bb7 15. Nc7 Qc8 16. Nxa8 Qxa8 17. b4 a4 18. a3 Qa6 19. b5 cxb5 20. cxb5 Qa8 21. Bxb7 Qxb7 22. Qb4 Nd5 23. Qe4 e6 24. Rb1 Qb6 25. Be3 Nxe3 26. Qxe3 Bd4 27. Qd3 d5 28. Rb4 Bc5 29. Rxa4 Rb8 30. Ra6 Qxb5 31. Qxb5 Rxb5 32. e3 Kg7 33. Ra1 Kf6 34. a4 Rb8 35. Rc6 1-0

[Event "CRI-ch qual"]
[Site "San Jose"]
[Date "2005.06.16"]
[Round "5"]
[White "Rodriguez, Adrian"]
[Black "Minero, Boris P"]
[Result "1/2-1/2"]
[WhiteElo "2113"]
[BlackElo "2053"]
[PlyCount "71"]
[EventDate "2005.06.??"]
[EventType "swiss"]
[EventRounds "9"]
[EventCountry "CRI"]
[SourceTitle "EXT 2006"]
[Source "ChessBase"]
[SourceDate "2005.11.24"]
[SourceVersion "1"]
[SourceVersionDate "2005.11.24"]
[SourceQuality "1"]

1. d4 Nf6 2. c4 e6 3. Nc3 d5 4. Bg5 Be7 5. e3 0-0 6. cxd5 Nxd5 7. Bxe7 Qxe7 8. Nf3 Nxc3 9. bxc3 c5 10. Bd3 Nc6 11. Qb1 h6 12. 0-0 e5 13. d5 Na5 14. e4 Bg4 15. Ne1 c4 16. f3 cxd3 17. fxg4 Qc5+ 18. Rf2 d2 19. Nf3 Nc4 20. Qd3 Ne3 21. h3 d1Q+ 22. Rxd1 Nxd1 23. Qxd1 Qxc3 24. g5 h5 25. Qe2 Rac8 26. Kh2 g6 27. Nh4 Rc4 28. Rf6 Qc1 29. Nxg6 fxg6 30. Rxg6+ Kf7 31. Rf6+ Kg7 32. Qf3 Rcc8 33. Qxh5 Rxf6 34. gxf6+ Kxf6 35. Qf5+ Ke7 36. Qe6+ 1/2-1/2

[Event "CRI-ch qual"]
[Site "San Jose"]
[Date "2005.06.13"]
[Round "3"]
[White "Jimenez, Alvarado Alonso"]
[Black "Minero, Boris P"]
[Result "1-0"]
[WhiteElo "2066"]
[BlackElo "2053"]
[PlyCount "67"]
[EventDate "2005.06.??"]
[EventType "swiss"]
[EventRounds "9"]
[EventCountry "CRI"]
[SourceTitle "EXT 2006"]
[Source "ChessBase"]
[SourceDate "2005.11.24"]
[SourceVersion "1"]
[SourceVersionDate "2005.11.24"]
[SourceQuality "1"]

1. e4 e6 2. d4 d5 3. Nd2 Nf6 4. e5 Nfd7 5. f4 c5 6. c3 Nc6 7. Ndf3 cxd4 8. cxd4 f6 9. Bd3 Bb4+ 10. Bd2 Qb6 11. Ne2 Bxd2+ 12. Qxd2 Qb4 13. a3 Qxd2+ 14. Kxd2 Nb6 15. b3 Bd7 16. Nc3 a6 17. g4 fxe5 18. fxe5 0-0 19. Ke3 Rac8 20. Ne2 Rce8 21. h4 Nc8 22. h5 N8e7 23. Ng5 h6 24. Nh7 Rf7 25. Bg6 Nxg6 26. hxg6 Rfe7 27. g5 Rc8 28. gxh6 gxh6 29. Rxh6 Kg7 30. Rah1 Rh8 31. Nf4 Be8 32. R6h3 Bxg6 33. Nxg6 Kxg6 34. Rf3 1-0

[Event "CRI-ch 67th"]
[Site "Cenfotec"]
[Date "2003.06.16"]
[Round "4"]
[White "Gutierrez, Oscar"]
[Black "Minero, Boris P"]
[Result "1-0"]
[WhiteElo "2055"]
[BlackElo "2163"]
[PlyCount "55"]
[EventDate "2003.06.13"]
[EventType "swiss"]
[EventRounds "11"]
[EventCountry "CRI"]
[SourceTitle "CBM 094 Extra"]
[Source "ChessBase"]
[SourceDate "2003.07.09"]
[SourceVersion "2"]
[SourceVersionDate "2003.07.09"]
[SourceQuality "1"]

1. e4 e6 2. d4 d5 3. e5 c5 4. c3 Qb6 5. Nf3 Bd7 6. Be2 cxd4 7. cxd4 Bb5 8. 0-0 Bxe2 9. Qxe2 Nc6 10. a3 Nge7 11. Rd1 Nf5 12. Nc3 Be7 13. Qd3 Rd8 14. b4 0-0 15. Bb2 Na5 16. bxa5 Qxa5 17. Bc1 Rc8 18. Bd2 Rc4 19. Ne2 Qa4 20. Bg5 Rfc8 21. Bxe7 Nxe7 22. Ng5 g6 23. Qh3 h5 24. g4 Qc2 25. Ng3 Kg7 26. gxh5 Rh8 27. Qg4 Nf5 28. Nxe6+ 1-0

[Event "CRI-ch"]
[Site "San Jose"]
[Date "2002.??.??"]
[Round "5"]
[White "Minero, Boris P"]
[Black "Cersosimo Bolanos, Francisco"]
[Result "1/2-1/2"]
[WhiteElo "2180"]
[BlackElo "2040"]
[PlyCount "50"]
[EventDate "2002.06.??"]
[EventType "swiss"]
[EventRounds "11"]
[EventCountry "CRI"]
[SourceTitle "EXT 2007"]
[Source "ChessBase"]
[SourceDate "2006.11.23"]
[SourceVersion "1"]
[SourceVersionDate "2006.11.23"]
[SourceQuality "1"]

1. Nf3 g6 2. g3 Bg7 3. d4 d6 4. Bg2 Nc6 5. 0-0 e5 6. dxe5 Nxe5 7. c4 c6 8. Nxe5 dxe5 9. Qxd8+ Kxd8 10. Nc3 Be6 11. b3 Kc7 12. Ne4 f5 13. Ng5 Re8 14. Ba3 Bf6 15. Nxe6+ Rxe6 16. e4 Be7 17. Bb2 Nh6 18. Rfe1 Bf6 19. exf5 Nxf5 20. Re2 a5 21. Rd1 Rhe8 22. Bh3 Rd6 23. Rxd6 Kxd6 24. Bxf5 gxf5 25. f4 Re6 1/2-1/2

[Event "CRI-ch"]
[Site "Costa Rica"]
[Date "1997.??.??"]
[Round "18"]
[White "Bermudez Vives, Sergio"]
[Black "Minero, Boris P"]
[Result "1/2-1/2"]
[WhiteElo "2100"]
[BlackElo "2100"]
[PlyCount "104"]
[EventDate "1997.??.??"]
[EventType "tourn"]
[EventRounds "19"]
[EventCountry "CRI"]
[SourceTitle "EXT 1999"]
[Source "ChessBase"]
[SourceDate "1998.11.16"]
[SourceVersion "1"]
[SourceVersionDate "1998.11.16"]
[SourceQuality "1"]

1. e4 e6 2. d4 d5 3. Nc3 Nf6 4. Bg5 Be7 5. e5 Nfd7 6. h4 a6 7. Qg4 Kf8 8. 0-0-0 c5 9. Bxe7+ Qxe7 10. f4 Nc6 11. Nf3 b5 12. dxc5 Nxc5 13. Bd3 Na4 14. Nxa4 bxa4 15. f5 a3 16. b3 Nb4 17. Kb1 Qc5 18. Qd4 Qxd4 19. Nxd4 Nxd3 20. cxd3 exf5 21. Rc1 Ke7 22. Rc7+ Bd7 23. Rhc1 g6 24. R1c5 Rhc8 25. Kc2 Rxc7 26. Rxc7 Rc8 27. Rxc8 Bxc8 28. Kc3 f6 29. Nc6+ Ke6 30. exf6 Kxf6 31. Kd4 Bb7 32. Kxd5 h6 33. Kc5 g5 34. hxg5+ hxg5 35. d4 f4 36. d5 g4 37. Kd4 f3 38. gxf3 gxf3 39. Ne5 Ke7 40. Nxf3 Kd6 41. Nd2 Bxd5 42. Nc4+ Kc6 43. Nxa3 Bf7 44. Nc4 Be6 45. a4 Bg8 46. Kc3 Kc5 47. b4+ Kc6 48. Kd4 Be6 49. Kc3 Kc7 50. Nb2 Kc6 51. Nd3 Bh3 52. Nc5 a5 1/2-1/2

[Event "CRI-ch"]
[Site "Costa Rica"]
[Date "1997.??.??"]
[Round "15"]
[White "Minero, Boris P"]
[Black "Melendez Vega, Esteban"]
[Result "1-0"]
[WhiteElo "2100"]
[BlackElo "2015"]
[PlyCount "79"]
[EventDate "1997.??.??"]
[EventType "tourn"]
[EventRounds "19"]
[EventCountry "CRI"]
[SourceTitle "EXT 1999"]
[Source "ChessBase"]
[SourceDate "1998.11.16"]
[SourceVersion "1"]
[SourceVersionDate "1998.11.16"]
[SourceQuality "1"]

1. d4 Nf6 2. c4 g6 3. g3 Bg7 4. Bg2 d6 5. Nf3 0-0 6. 0-0 Nbd7 7. Nc3 e5 8. e4 exd4 9. Nxd4 Re8 10. h3 Nc5 11. Re1 a5 12. Rb1 c6 13. Bf4 Nh5 14. Be3 Nf6 15. Qc2 Nfd7 16. Rbd1 Qc7 17. Qd2 Ne5 18. Qe2 Ned7 19. Kh2 Nf8 20. Qd2 Rd8 21. Bg5 f6 22. Bf4 g5 23. Be3 Ng6 24. b3 Be6 25. f4 gxf4 26. gxf4 Bf7 27. Nf5 Bf8 28. Qf2 Ne6 29. Bb6 Qd7 30. Bxd8 Rxd8 31. Ne2 Qc7 32. Kh1 Ng7 33. Nh6+ Kh8 34. Nd4 Nh5 35. Nxf7+ Qxf7 36. f5 Ngf4 37. Bf3 Bh6 38. Ne6 Rg8 39. Bg4 Bg5 40. Rxd6 1-0

[Event "CRI-ch"]
[Site "Costa Rica"]
[Date "1997.??.??"]
[Round "13"]
[White "Minero, Boris P"]
[Black "Murillo Tsijli, Alexis"]
[Result "0-1"]
[WhiteElo "2100"]
[BlackElo "2250"]
[PlyCount "130"]
[EventDate "1997.??.??"]
[EventType "tourn"]
[EventRounds "19"]
[EventCountry "CRI"]
[SourceTitle "EXT 1999"]
[Source "ChessBase"]
[SourceDate "1998.11.16"]
[SourceVersion "1"]
[SourceVersionDate "1998.11.16"]
[SourceQuality "1"]

1. d4 d5 2. g3 e6 3. Bg2 Nf6 4. c4 Be7 5. Nf3 0-0 6. 0-0 c6 7. Nc3 Nbd7 8. b3 b6 9. Bf4 Ba6 10. Qd3 Rc8 11. e4 c5 12. e5 dxc4 13. bxc4 Nd5 14. Nb5 Bxb5 15. cxb5 c4 16. Qd2 a6 17. a4 axb5 18. axb5 Ra8 19. Qc2 Qc7 20. Nd2 Rxa1 21. Rxa1 c3 22. Bxd5 exd5 23. Rc1 g5 24. Be3 Rc8 25. Nb1 Bb4 26. Bxg5 Nf8 27. h4 Ne6 28. Be3 Qc4 29. Qf5 Ra8 30. Qg4+ Kf8 31. Bh6+ Ke7 32. Nd2 cxd2 33. Rxc4 dxc4 34. Bxd2 Bxd2 35. d5 c3 36. Qf5 Nd8 37. Qf6+ Ke8 38. Qh8+ Ke7 39. Qxh7 Ra2 40. e6 Kd6 41. Qg8 Nxe6 42. dxe6 fxe6 43. Qd8+ Kc5 44. Kg2 Kxb5 45. g4 Ra4 46. Qd7+ Ka5 47. Kg3 Rc4 48. Qa7+ Kb5 49. Qd7+ Kb4 50. Qd6+ Ka4 51. Qd7+ b5 52. Qa7+ Kb3 53. Qd7 b4 54. Qd3 e5 55. Qb1+ Ka4 56. Qa2+ Kb5 57. Qc2 Kc5 58. g5 b3 59. Qxb3 c2 60. Qa3+ Bb4 61. Qe3+ Kb5 62. Qxe5+ Ka4 63. Qa1+ Kb3 64. Qc1 Ba3 65. Qe3+ Rc3 0-1

[Event "CRI-ch"]
[Site "Costa Rica"]
[Date "1997.??.??"]
[Round "17"]
[White "Minero, Boris P"]
[Black "Ugalde Garcia, Ronald"]
[Result "1/2-1/2"]
[WhiteElo "2100"]
[BlackElo "2165"]
[PlyCount "107"]
[EventDate "1997.??.??"]
[EventType "tourn"]
[EventRounds "19"]
[EventCountry "CRI"]
[SourceTitle "EXT 1999"]
[Source "ChessBase"]
[SourceDate "1998.11.16"]
[SourceVersion "1"]
[SourceVersionDate "1998.11.16"]
[SourceQuality "1"]

1. d4 f5 2. g3 Nf6 3. Bg2 g6 4. c4 Bg7 5. Nf3 0-0 6. Nc3 d6 7. 0-0 Nc6 8. d5 Ne5 9. Nxe5 dxe5 10. e4 e6 11. dxe6 Bxe6 12. exf5 Bxc4 13. Re1 gxf5 14. Bxb7 Rb8 15. Qa4 Bf7 16. Bg2 e4 17. Qxa7 Qc8 18. Rb1 Ng4 19. Bf4 Ne5 20. Bxe5 Bxe5 21. Bh3 Rxb2 22. Nxe4 Qb8 23. Qxb8 Rfxb8 24. Rxb2 Rxb2 25. Bxf5 Bxa2 26. Rd1 Rb8 27. Ng5 h6 28. Be6+ Bxe6 29. Nxe6 Kf7 30. Nd8+ Kf6 31. Nc6 Rb2 32. Nxe5 Kxe5 33. Kg2 c5 34. Kf3 c4 35. Rd8 Rb3+ 36. Ke2 Ke4 37. f3+ Ke5 38. h4 Rb2+ 39. Ke3 Rb3+ 40. Ke2 Rb2+ 41. Ke1 Rg2 42. Kf1 Rxg3 43. Kf2 Rh3 44. Re8+ Kd5 45. Re4 c3 46. Ke3 c2 47. Kd2 Rxf3 48. Re2 Rc3 49. Kc1 Rh3 50. Kxc2 Rxh4 51. Kd2 Rf4 52. Ke1 h5 53. Rf2 Rg4 54. Rf5+ 1/2-1/2